00828nam a22002417a 450000500170000001000150001702000260003203500140005803700130007208200100008510000270009524500940012225000060021626000200022227000590024230000230030170000270032470000280035170000270037994200240040699900190043095201370044920250625155626.0 aENG-145511 c250.00a9788193376140 aEN-129043 bDBAD/PUB a305.4 aPereira, Melvil982358 aExploring Differences ,Recording Change:bThe Karbis of Assam/cMelvil Pereira....[ed,al] a1 aGuwahati c2017 bAssama North Eastern Social Research Centre e781005 a311vpp.c21cm(pbk) aDharaming Teron982359 aSyotikona Chetia982360 aMaggie Katharpi982361 2ddccENh305.4mMEL c211958d211958 001040708NFICaRC4SEELPbRC4SEELPd2025-06-25eDBADg250.00l0o305.4 MELpEN-129043r2025-06-25 00:00:00v250.00w2025-06-25yEN